00399nam a2200133 a 4500008004100000050002200041100002600063245006800089260004100157300002100198350000900219650001100228650002600239120416s1965 ||||||||||||||||| || u aQK 495.G74.S7 Gra aMeredith, D. B. David14aThe grasses and pastures of South Africacedited by D. Meredith aCape TownbCentral News Agencyc1965 axvi, 770p. : ill a0.00 aBOTANY aBOTANY--AFRICA, SOUTH